1955 1596 1086 1607 1702 1033 1392 1691 1418 1459 1513 1582 1411 1881 1400 1139 1208 1992 1315 1438 1806 1065 1872 1945 1524 1329 1326 1106 1608 1609 1091 1363 1483 1594 1955 1816 1504 1959 1638 1665 1307 1199 1905 1370 1292 1521 1727 1683 1240 1009 1309 1955 1707 1188 1817 1507 1847 1757 1011 1264 1105 1689 1670 1042 1649 1103 1878 1771 1973 1930 1812 1914 1143 1410 1798 1460 1459 1736 1520 1037 1832 1125 1200 1293 1856 1962 1660 1325 1546 1959 1409 1247 1566 1997 1763 1254 1176 1303 1276 BCNSPRNW ULIB Ver.6.0+V

เปลี่ยนเป็นภาษาไทย

Change to English
 แสดงรายละเอียดบรรณานุกรม
  กลับหน้าหลัก

Brief Record : Get Marc (ISO 2709) : E-mail record : QR code < ปิดหน้าต่าง
LEADER : 00000nam 2200000uu 4500
001    13399109984
003     ULIB
008    110419s2548||||th 000 0 tha d
020    974931199X
060 04 WE835^bว543น 2548
100 0  วิชัย วิจิตรพรกุล
245 10 นิ้วล็อก =^bTrigger finger /^cวิชัย วิจิตรพรกุล
246 31 Trigger finger
250    พิมพ์ครั้งที่ 2
260    กรุงเทพฯ :^bดอกหญ้ากรุ๊ป,^c2548
300    224 หน้า :^bภาพประกอบ ;^c22 ซม.
650  7 นิ้วมือ, โรค^xการป้องกันและควบคุม
650  7 นิ้วมือ, โรค^xการรักษา
945    ^p195^l0^i021547
945    ^p195^l0^i021546
945    ^p195^l0^i021545
995    ทศพร
999 ^a ใช้งานได้ทุกระบบ
รายการนี้ยังไม่มีแท็ก
คุณยังไม่ได้ล็อกอิน คุณสามารถมีกิจกรรมร่วมกับเว็บไซต์ได้ แต่ต้องล็อกอินก่อน ::
  ล็อกอิน

รายการสื่อสารสนเทศ

ลำดับที่ ประเภท เลขเรียก/บาร์โค้ด สถานที่ สถานะ
1. วิทยาศาสตร์การแพทย์ และสุขภาพ
วิทยาศาสตร์การแพทย์ และสุขภาพ
สถานะ=หนังสือเก่า
WE835 ว543น 2548 ฉ.1 
  Barcode: 021545
ห้องสมุดวิทยาเขตสวรรค์ประชารักษ์
►ส่วนจัดเก็บหนังสือเก่า สปร
บนชั้น
  ขอยืม
2. วิทยาศาสตร์การแพทย์ และสุขภาพ
วิทยาศาสตร์การแพทย์ และสุขภาพ
สถานะ=หนังสือเก่า
WE835 ว543น 2548 ฉ.2 
  Barcode: 021546
ห้องสมุดวิทยาเขตสวรรค์ประชารักษ์
►ส่วนจัดเก็บหนังสือเก่า สปร
บนชั้น
  ขอยืม
3. วิทยาศาสตร์การแพทย์ และสุขภาพ
วิทยาศาสตร์การแพทย์ และสุขภาพ
สถานะ=หนังสือเก่า
WE835 ว543น 2548 ฉ.3 
  Barcode: 021547
ห้องสมุดวิทยาเขตสวรรค์ประชารักษ์
►ส่วนจัดเก็บหนังสือเก่า สปร
บนชั้น
  ขอยืม

รายการใกล้เคียง
    ผู้แต่ง [วิชัย วิจิตรพรกุล]

BibComment


ยังไม่เคยถูกคอมเมนท์

คอมเมนท์ทรัพยากรรายการนี้
  คอมเมนท์: นิ้วล็อก Trigger..


 Copyright 2026. Bcnsprnw @Library